| 000 | 01291pam a2200373 i 4500 | ||
|---|---|---|---|
| 001 | 016251463 | ||
| 003 | Uk | ||
| 005 | 20230411164904.0 | ||
| 008 | 130111r20142012enk 000 1 eng d | ||
| 015 |
_aGBB302943 _2bnb |
||
| 020 | _a9780141197340 (paperback) | ||
| 020 |
_z9780141969817 (ebook) : _cNo price |
||
| 040 |
_aStDuBDS _beng _cStDuBDS _erda _dUk |
||
| 041 | 1 |
_aeng _hpor |
|
| 042 | _aukblsr | ||
| 082 | 0 | 4 |
_a813.54 _223 |
| 100 | 1 |
_aLispector, Clarice, _eauthor. |
|
| 240 | 1 | 0 |
_aPerto do coração selvagem. _lEnglish. |
| 245 | 1 | 0 |
_aNear to the wild heart / _cby Clarice Lispector ; translated from the Portuguese by Alison Entrekin ; edited and with an introduction by Benjamin Moser. |
| 264 | 1 |
_aLondon : _bPenguin Classics, _c2014. |
|
| 264 | 4 | _c©2012. | |
| 300 |
_axii, 194 pages ; _c20 cm. |
||
| 336 |
_atext _2rdacontent. |
||
| 337 |
_aunmediated _2rdamedia. |
||
| 338 |
_avolume _2rdacarrier. |
||
| 500 | _aThis translation originally published: [United States] : New Directions Publishing, 2012. | ||
| 500 |
_aFormerly CIP. _5Uk. |
||
| 530 | _aAlso issued online. | ||
| 546 | _aTranslated from the Portuguese. | ||
| 700 | 1 |
_aEntrekin, Alison, _etranslator. |
|
| 700 | 1 |
_aMoser, Benjamin, _eeditor. |
|
| 942 |
_2ddc _cFIC |
||
| 999 |
_c9552 _d9553 |
||